| 000 | 01761nam0a2200373 4500 | ||
|---|---|---|---|
| 001 | RU\NLR\bibl\1057621 | ||
| 005 | 20260405125813.0 | ||
| 010 |
_a978-5-8112-2319-0 _93000 |
||
| 021 |
_aRU _b2007-4278 _9216 |
||
| 035 | _a(NLR Aleph) 001044903 | ||
| 090 |
_a841997 _c841997 |
||
| 100 | _a20070313d2007 |||y0rusy50 ca | ||
| 101 | 0 |
_arus _ager |
|
| 102 | _aRU | ||
| 105 | _ay ||||||||| | ||
| 200 | 1 |
_aСборник упражнений по немецкому языку к учебнику Themen neu 2 _fЕ.А. Кондакова, Е.В. Морозова |
|
| 210 |
_aМосква _cАйрис пресс _d2007 |
||
| 215 |
_a155 с. _d24 |
||
| 225 | 1 | _aВысшее образование | |
| 300 | _aНа 4-й с. обл. загл.: Дополнительное учебное пособие к книгам "Themen neu 2" и "Themen aktuell 2" | ||
| 422 | 0 |
_12001#$aThemen neu 2 _tThemen neu 2 |
|
| 422 | 0 |
_12001#$aThemen aktuell 2 _tThemen aktuell 2 |
|
| 517 | 0 | _aДополнительное учебное пособие к книгам "Themen neu 2" и "Themen aktuell 2" | |
| 606 | 1 |
_aНемецкий язык _jУчебные издания для высших учебных заведений _91063964 _3RU\NLR\auth\66413315 |
|
| 686 | _aШ143.24-93рус3 | ||
| 686 | _aШ143.24-93рус5 | ||
| 700 | 1 |
_4070 _8rus _7ca _aКондакова _bЕ. А. _cфилолог _gЕлена Александровна _3RU\NLR\auth\7751059 _933993 |
|
| 701 | 1 |
_4070 _8rus _7ca _aМорозова _bЕ. В. _cфилолог _gЕлена Викторовна _3RU\NLR\auth\7751047 _933981 |
|
| 801 | 0 |
_aRU _bNLR _c20070313 _gRCR |
|
| 801 | 1 |
_aRU _bNLR _c20070313 |
|
| 830 | _aавт. по кн | ||
| 942 | _cBOOK | ||
| 980 | _aNB | ||